Formal Language and Automata Theory (Record no. 196548)

MARC details
000 -LEADER
fixed length control field 00725 a2200229 4500
005 - DATE AND TIME OF LATEST TRANSACTION
control field 20230714161407.0
010 ## - LCCN (DPL NO)
LC control number ENG-137403
020 ## - INTERNATIONAL STANDARD BOOK NUMBER
International Standard Book Number 9789393196002
Terms of availability 730.00
035 ## - SYSTEM CONTROL NUMBER
System control number EN-120935
037 ## - SOURCE OF ACQUISITION
Source of stock number/acquisition DBAD/Pub
082 14 - DEWEY DECIMAL CLASSIFICATION NUMBER
Classification number 511.3
100 ## - MAIN ENTRY--PERSONAL NAME
Personal name Patra, P. Santosh Kumar
245 1# - TITLE STATEMENT
Title Formal Language and Automata Theory
Statement of responsibility, etc P. Santosh Kumar Patra et al
250 ## - EDITION STATEMENT
Edition statement First edition.
260 ## - PUBLICATION, DISTRIBUTION, ETC. (IMPRINT)
Place of publication, distribution, etc Hyderabad
Name of publisher, distributor, etc Spectrum Publishing House,
Date of publication, distribution, etc 2022
270 ## - ADDRESS
Address 7-1-277/242, 6th floor near B K Guda Park, S R Nagar
City Hyderabad
Postal code 500 038
300 ## - PHYSICAL DESCRIPTION
Extent xvi, 392p.;
Dimensions 24cm(pbk)
700 ## - ADDED ENTRY--PERSONAL NAME
Personal name Devasudha, P.
700 ## - ADDED ENTRY--PERSONAL NAME
Personal name Nagaraju, R.
700 ## - ADDED ENTRY--PERSONAL NAME
Personal name Rao, D. Babu
942 ## - ADDED ENTRY ELEMENTS (KOHA)
Item type English Books
Source of classification or shelving scheme Dewey Decimal Classification
Classification part 511.3
Call number suffix PAT
Edition First edition
Holdings
Withdrawn status Lost status Not for loan Collection code Home library Current library Date acquired Source of acquisition Cost, normal purchase price Full call number Barcode Copy number Cost, replacement price Koha item type
      Non-fiction Narela Narela 14/07/2023 DBAD/PUB 730.00 511.3 PAT EN-120935 1 730.00 English Books

© Delhi Public Library
Hit Counter
free hit counter